000 00326nam a22001457a 4500
008 210312b ||||| |||| 00| 0 eng d
020 _a9781455772551
041 _aeng
080 _28th
_a617
082 _a617
100 _a5
101 _aKIR
245 _aMedical Surgical Nursing
_cIgnatavicius, D. D
942 _2udc
_cBK
999 _c56480
_d56480